banner-ar

ضد الرئيس : (Record no. 61606)

MARC details
000 -الفاتح
حقل البيانات ثابتة الطول 00924nam a22002297a 4500
005 - وقت وتاريخ اخر تعامل مع التسجيلة
رقم الضبط 20240530110508.0
008 - عناصر البيانات ثابتة الطول - معلومات عامة
حقل البيانات ثابتة الطول 151021s2011 ua a f 000 e ara d
017 ## - رقم الايداع القانونى
رقم الايداع القانونى 2011/9613
المصدر ( الهيئة المختصة) مصر . دار الكتب المصرية
040 ## - مصدر الفهرسة
وكالة الفهرسة الأصلية EG-CaGPL
082 04 - رقم تصنيف ديوى العشرى
رقم الطبعة 21
رقم التصنيف 814.008
رقم المادة ق/ع ض
100 0# - المدخل الرئيسى - إسم شخصى
الإسم الشخصى عبدالحليم قنديل
245 10 - بيان العنوان
العنوان ضد الرئيس :
بقية العنوان اخطار حملة مقالات ضد حكم العائلة /
بيان المسئوليه,etc عبدالحليم قنديل
250 ## - بيان الطبعة
بيان الطبعة ط1.
260 ## - PUBLICATION, DISTRIBUTION, ETC. (IMPRINT)
تاريخ النشر أو التوزيع 2011 .
300 ## - الوصف المادى
التعداد 528 ص ؛
أبعاد الوعاء 24 سم .
650 04 - المدخل الاضافى بالموضوع-مصطلح موضوعى
مصطلح موضوعي ثورة 25 يناير .
650 04 - المدخل الاضافى بالموضوع-مصطلح موضوعى
مصطلح موضوعي الفساد السياسى
التقسيم الفرعي الشكلي مقالات .
التقسيم الفرعي الجغرافي مصر
650 04 - المدخل الاضافى بالموضوع-مصطلح موضوعى
مصطلح موضوعي الفساد السياسى
التقسيم الفرعي الزمني عصر مبارك .
التقسيم الفرعي الجغرافي مصر
651 04 - المدخل الاضافى بالموضوع - اسم جغرافى
الاسم الجغرافي مصر
التقسيم الفرعي العام الاحوال السياسية
التقسيم الفرعي الزمني عصر مبارك .
942 ## - عناصر المدخل الإضافي( كوها)
مصدر التصنيف او مخطط الترفيف Dewey Decimal Classification
Koha [default] item type كتاب
260 ## - PUBLICATION, DISTRIBUTION, ETC. (IMPRINT)
-- القاهرة :
-- مكتبة جزيرة الورد ،
Holdings
حالة التراجع حالة الفقد حالة تلف ليس للاعارة المكان المؤقت الموقع الحالى تاريخ الاكتساب اجمالي اﻻعارات رقم الطلب الباركود تاريخ اخر مشاهدة تاريخ تفعيل السعر نوع وعاء كوها
        مكتبة القاهرة الكبرى مكتبة القاهرة الكبرى 10/21/2015   814.008 ق/ع ض 160938 10/21/2015 10/21/2015 كتاب

Powered By

EGPV